000 00438 a2200145 4500
999 _c332496
_d332496
003 NUST
005 20171211105744.0
008 160817b xxu||||| |||| 00| 0 eng d
020 _a9781566910699
040 _cNUST
082 _a954.91
_bSHA
100 _aIsobel Shaw
_97111
245 _aPakistan HandBook
250 _a2nd
260 _c1998
_aHong Kong:
_bMoon publication,
300 _a661 pages
504 _aInclude bibliography
650 _aPakistan- Handbook
_97112
942 _cBK
_2ddc